00440nam a2200157 450000500170000001000150001702000260003203500140005803700090007208200100008110000190009124500740011026000380018427000410022230000190026320250108165208.0 aENG-143229 a9789389267051c350.00 aEN-126761 bDBAD a028.7 aMishra, Rajani aScientific Institutions as a Source of Information/cby Rajani Mishra a DelhibPandulipi Prakashanc2022 a77/1, East Azad NagarbDelhie110051 a87p.c22cm(Hb)